Breaking bad Trivia - Statistics

General Stats
  • This quiz has been taken 48 times
  • The average score is 22 of 30
Answer Stats
Hint Answer % Correct
In what state does the majority of Breaking Bad take place? New Mexico
98%
What color is Walter's and Jesse's meth? Blue
95%
Walter white's drug dealer name? Heisenberg
95%
What is the name of the chicken fast-food chain, owned by Gustavo Fring named? Los Pollos Hermanos
90%
What subject does Walter White teach at school? Chemistry
88%
___ Ehrmantraut! Mike
88%
What did Walter "accidentally" throw on the roof if his house? Pizza
88%
Walter's wife! Skyler White
88%
What year did Breaking Bad realease? 2008
86%
Name of Skinny Pete's best friend? (Also name after an animal) Badger
81%
Finish the quote "I am the one who ____!" knocks
81%
Who acted and played "Saul Goodman" (Jimmy McGill) Bob Odenkirk
79%
What's the name of the last Breaking Bad Episode? (S5 E16) Felina
79%
Where does Jesse hide the Ricin? In his _____ Cigarette
76%
Who produced and directed Breaking Bad? Vince Gilligan
76%
What city does Breaking Bad take place? Albuquerque
74%
Where does Gustavo Fring come from? Chile
74%
Who does Walter choke to death in Season 1 Krazy-8
74%
Who wrote the book Hank finds in Walter's toilet? Walt Whitman
74%
Who killed Andrea Cantillo? Todd
67%
Jesse's friend who gets killed by a child? Combo
64%
What letters are in front of Hank Schader's DEA name? ASAC
62%
What business does Saul want Walter to buy, to launder money? Laser Tag
62%
What is Steve Gomez's nickname? Gomie
60%
What type of drugs does Walter and Jesse make? Methamphetamine
60%
The first thing we see in Breaking Bad (S1 E1) is Walter White's ____? Pants
55%
What is the name of the pest control company in season 5? Vamonos Pest
50%
What country does Bogdan Wolynetz come from? Romania
48%
What German company owns Gus' fast food chain? Madrigal
45%
What name does Jesse give the Meth Cooking RV? The Krystal Ship
14%
No matching quizzes found
Score Distribution
Percent of People with Each Score
Percentile by Number Answered
Your Score History
You have not taken this quiz